Történelmi egyházak rendeltetése

Elmentve itt :
Bibliográfiai részletek
Szerző: Bognár Ferenc
Dokumentumtípus: Könyv része
Megjelent: 2000
Sorozat:Szegedi bölcsészfüzetek 10
Személyes metafizika és az igazság szabadsága 10
Kulcsszavak:Egyháztörténet - magyar - 20-21. sz.
Tárgyszavak:
Online Access:http://acta.bibl.u-szeged.hu/45568
LEADER 00874naa a2200241 i 4500
001 acta45568
005 20220124145627.0
008 170408s2000 hu o 0|| hun d
020 |a 963 482 497 8 
022 |a 1215-2870 
040 |a SZTE Egyetemi Kiadványok Repozitórium  |b hun 
041 |a hun 
100 1 |a Bognár Ferenc 
245 1 0 |a Történelmi egyházak rendeltetése  |h [elektronikus dokumentum] /  |c  Bognár Ferenc 
260 |c 2000 
300 |a 57-63 
490 0 |a Szegedi bölcsészfüzetek  |v 10 
490 0 |a Személyes metafizika és az igazság szabadsága  |v 10 
650 4 |a Bölcsészettudományok 
650 4 |a Történettudomány és régészet 
650 4 |a Filozófia, etika és vallástudományok 
695 |a Egyháztörténet - magyar - 20-21. sz. 
856 4 0 |u http://acta.bibl.u-szeged.hu/45568/1/bolcseszfuzetek_1999_2000_057-063.pdf  |z Dokumentum-elérés